Química 1; sistemas materiales. estructura de la materia. transformaciones químicas /

Guardado en:
Autor Principal: Alegría, Mónica P
Formato: Libro
Publicado: Buenos Aires : Santillana, 1998
Materias:
Etiquetas: Agregar Etiqueta
Sin Etiquetas, Sea el primero en etiquetar este registro!
LEADER 00739nam a22002055a 4500
001 CEM.cems016406
005 20110818135753.0
008 130507s1998##################000#0#####d
003 CEMS
020 |a 9504605648 
082 0 4 |a 546 
100 1 |a Alegría, Mónica P 
245 1 0 |a Química 1; sistemas materiales. estructura de la materia. transformaciones químicas /  |c Monica P Alegria, Alejandro S Bosack, María Alejandra Dal Fávero, Ricardo Franco, Mariana B. Jaul y Ricardo A. Rossi 
260 |a Buenos Aires :  |b Santillana,  |c 1998 
300 |a 383 p. 
653 |a Química orgánica 
653 |a Macromoléculas 
653 |a Química-polimodal 
653 |a Química 
859 |a CEMS  |b BIB. CEMS - Agricultura  |h 546  |i Al25  |p A20395.99  |t Ej.1  |v 1  |3 1